<?xml version="1.0" encoding="UTF-8"?>
<record
    xmlns:xsi="http://www.w3.org/2001/XMLSchema-instance"
    xsi:schemaLocation="http://www.loc.gov/MARC21/slim http://www.loc.gov/standards/marcxml/schema/MARC21slim.xsd"
    xmlns="http://www.loc.gov/MARC21/slim">

  <leader>02021nam a2200325   4500</leader>
  <controlfield tag="001">113448</controlfield>
  <controlfield tag="003">DR-UNIBE</controlfield>
  <controlfield tag="005">20250415062553.0</controlfield>
  <controlfield tag="008">250414b2021    dr ||||| |||| 00| 0 spa d</controlfield>
  <datafield tag="020" ind1=" " ind2=" ">
    <subfield code="a">9789945085655</subfield>
  </datafield>
  <datafield tag="040" ind1=" " ind2=" ">
    <subfield code="a">BIBLIOTECA UNIBE</subfield>
    <subfield code="b">spa</subfield>
    <subfield code="c">BIBLIOTECA UNIBE</subfield>
    <subfield code="e">rda</subfield>
  </datafield>
  <datafield tag="041" ind1=" " ind2=" ">
    <subfield code="a">spa</subfield>
  </datafield>
  <datafield tag="082" ind1=" " ind2=" ">
    <subfield code="2">22</subfield>
    <subfield code="a">RD 347.7283 A321r</subfield>
  </datafield>
  <datafield tag="100" ind1=" " ind2="0">
    <subfield code="a">Alarc&#xF3;n, &#xC9;dynson,</subfield>
    <subfield code="d">1971-</subfield>
    <subfield code="q">(Alarc&#xF3;n Polanco, &#xC9;dynson Francisco)</subfield>
    <subfield code="e">autor</subfield>
    <subfield code="9">24228</subfield>
  </datafield>
  <datafield tag="245" ind1="1" ind2="4">
    <subfield code="a">Los recursos del procedimiento civil :</subfield>
    <subfield code="b">recursos comentados</subfield>
    <subfield code="c">&#xC9;dynson, Alarc&#xF3;n; diagramaci&#xF3;n y portada: JM P&#xE9;rez; pr&#xF3;logo a la primera edici&#xF3;n: Rafael Luciano Pichardo; pr&#xF3;logo a la tercera edi&#xF3;n: Fabiola Medina Garnes; editor: &#xC1;ngel Potentini</subfield>
  </datafield>
  <datafield tag="250" ind1=" " ind2=" ">
    <subfield code="a">Tercera edici&#xF3;n</subfield>
  </datafield>
  <datafield tag="260" ind1=" " ind2=" ">
    <subfield code="a">Santo Domingo :</subfield>
    <subfield code="b">Librer&#xED;a Jur&#xED;dica Internacional ,</subfield>
    <subfield code="c">2016</subfield>
  </datafield>
  <datafield tag="300" ind1=" " ind2=" ">
    <subfield code="a">xiix, 485 p&#xE1;ginas:</subfield>
    <subfield code="c">23  x 15 cm</subfield>
  </datafield>
  <datafield tag="500" ind1=" " ind2=" ">
    <subfield code="a">Datos sobre el autor en las solapas, comentarios de la obra en la contraportada</subfield>
  </datafield>
  <datafield tag="504" ind1=" " ind2=" ">
    <subfield code="a">Incluye bibliograf&#xED;a</subfield>
  </datafield>
  <datafield tag="505" ind1=" " ind2=" ">
    <subfield code="a">Tabla de abreviaturas |
Pr&#xF3;logo a la primera edici&#xF3;n |
Pr&#xF3;logo a la tercera edici&#xF3;n |
Exordio |
C&#xF3;digo de procedimiento civil |
De las sentencias en defecto y de la oposici&#xF3;n a las mismas |
Libro III de la apelaci&#xF3;n |
T&#xED;tulo &#xFA;nico.  
De las apelaciones, y los procedimientos en la apelaci&#xF3;n |
Libro IV de los recursos extraordinarios para impugnar las sentencias |
T&#xED;tulo I.
De la tercer&#xED;a |
T&#xED;tulo II.
De la revisi&#xF3;n civil |
L. 834 de 1978 |
La apelaci&#xF3;n |
La impugnaci&#xF3;n |
L.3726 de 1953 |
Ley sobre procedimiento de casaci&#xF3;n
Bibliograf&#xED;a

</subfield>
  </datafield>
  <datafield tag="650" ind1=" " ind2="7">
    <subfield code="2">lemb</subfield>
    <subfield code="a"> Recursos (Derecho)</subfield>
    <subfield code="9">5917</subfield>
  </datafield>
  <datafield tag="650" ind1=" " ind2="7">
    <subfield code="2">lemb</subfield>
    <subfield code="a">Procedimiento civil</subfield>
    <subfield code="z">Rep&#xFA;blica Dominicana</subfield>
    <subfield code="9">6814</subfield>
  </datafield>
  <datafield tag="650" ind1=" " ind2="7">
    <subfield code="2">lemb</subfield>
    <subfield code="a">Recurso de casaci&#xF3;n</subfield>
  </datafield>
  <datafield tag="700" ind1="1" ind2="0">
    <subfield code="a">Luciano Pichardo, Rafael, </subfield>
    <subfield code="d">1939-2024</subfield>
    <subfield code="9">30823</subfield>
    <subfield code="e">prologuista primera edici&#xF3;n</subfield>
  </datafield>
  <datafield tag="700" ind1="1" ind2="0">
    <subfield code="a">Medina Garnes, Fabiola</subfield>
    <subfield code="9">28546</subfield>
    <subfield code="e">prologuista tercera edici&#xF3;n</subfield>
  </datafield>
  <datafield tag="700" ind1="1" ind2="0">
    <subfield code="a">P&#xE9;rez, JM</subfield>
    <subfield code="9">194229</subfield>
    <subfield code="e">diagramador</subfield>
    <subfield code="e">portada</subfield>
  </datafield>
  <datafield tag="700" ind1="1" ind2="0">
    <subfield code="a">Potentini, &#xC1;ngel </subfield>
    <subfield code="9">29379</subfield>
    <subfield code="e">editor</subfield>
  </datafield>
  <datafield tag="942" ind1=" " ind2=" ">
    <subfield code="2">ddc</subfield>
    <subfield code="c">BK</subfield>
  </datafield>
  <datafield tag="999" ind1=" " ind2=" ">
    <subfield code="c">113448</subfield>
    <subfield code="d">113448</subfield>
  </datafield>
  <datafield tag="952" ind1=" " ind2=" ">
    <subfield code="0">0</subfield>
    <subfield code="1">0</subfield>
    <subfield code="2">ddc</subfield>
    <subfield code="7">0</subfield>
    <subfield code="8">GEN-RD</subfield>
    <subfield code="a">Principal</subfield>
    <subfield code="d">2025-04-14</subfield>
    <subfield code="l">5</subfield>
    <subfield code="m">1</subfield>
    <subfield code="o">RD 347.7283 A321r</subfield>
    <subfield code="p">250437</subfield>
    <subfield code="q">2026-06-17</subfield>
    <subfield code="r">2026-06-03 16:36:30</subfield>
    <subfield code="s">2026-06-03</subfield>
    <subfield code="t">Ej. 1</subfield>
    <subfield code="w">2025-04-14</subfield>
    <subfield code="y">BK</subfield>
  </datafield>
</record>
